Noms en anglais n*2 - Statistiques

Statistiques générales
  • Ce quiz a été pris 38 fois
    21 depuis la dernière actualisation
  • Le résultat moyen est 10 sur 58
Statistiques - réponses
Français Anglais % Correct
connaissance knowledge
75%
comportement behavior
50%
l'enfer hell
50%
curiosité curiosity
42%
porte-feuille wallet
42%
la colère anger
33%
grotte cave
33%
la peur fear
33%
appartement flat
33%
habitude habit
33%
embouteillage traffic jam
33%
incendie volontaire arson
25%
harcèlement bully
25%
quartier district
25%
meubles furniture
25%
bagage luggage
25%
abri shelter
25%
à l'étranger abroad
17%
dispute argument
17%
virgule comma
17%
encouragement encouragement
17%
excitement excitement
17%
exploitation exploitation
17%
honneteté honesty
17%
amélioration improvement
17%
poumon lung
17%
étape importante milestone
17%
endurance stamina
17%
cuisse thigh
17%
la fatigue tiredness
17%
éolienne windturbine
17%
pyromane arsonist
8%
frein braxes
8%
diplome degree
8%
désordre dissaray
8%
enthousiasme enthusiam
8%
vitesse gear
8%
intestin gut
8%
nocif harmful
8%
maladie (2 words) illness et disease
8%
bouillore kettle
8%
engrais manure
8%
demande en mariage mariage proposal
8%
dépend de rely on
8%
télécommande remote control
8%
ardoise slate
8%
choses/affaires stuff
8%
feu de circulation traffic light
8%
brave bravery
0%
indication evidence
0%
intervalle gap
0%
présentiement hunch
0%
lieu important landmarks
0%
un tas pile
0%
un déplacement shift
0%
chagrin sorrow
0%
accélérateur throttle
0%
mèche wick
0%
Aucun quiz correspondant
Distribution des résultats
% des personnes avec chaque résultat
Percentile par nombre de réponses
Votre historique - résultats
Vous n’avez pas pris ce quiz depuis la dernière actualisation